Hydrodynamics / (Record no. 1749)

MARC details
000 -LEADER
fixed length control field 01137nam a2200289 i 4500
003 - CONTROL NUMBER IDENTIFIER
control field EG-ScBUE
005 - DATE AND TIME OF LATEST TRANSACTION
control field 20250518094006.0
008 - FIXED-LENGTH DATA ELEMENTS--GENERAL INFORMATION
fixed length control field 250429s1956 nyud f b 001 0 eng d
040 ## - CATALOGING SOURCE
Original cataloging agency EG-ScBUE
Language of cataloging eng
Description conventions rda
Transcribing agency EG-ScBUE
Modifying agency EG-ScBUE
082 04 - DEWEY DECIMAL CLASSIFICATION NUMBER
Classification number 532.5
Item number DRY
Edition number 22
100 1# - MAIN ENTRY--PERSONAL NAME
Personal name Dryden, Hugh L.
Fuller form of name (Hugh Latimer),
Dates associated with a name 1898-1965,
Relator term author.
245 10 - TITLE STATEMENT
Title Hydrodynamics /
Statement of responsibility, etc Hugh L. Dryden, Francis D. Murnaghan, H. Bateman.
264 #1 - PUBLICATION, DISTRIBUTION, ETC. (IMPRINT)
Place of publication, distribution, etc [New York] :
Name of publisher, distributor, etc Dover Publications, INC.,
Date of publication, distribution, etc 1956.
300 ## - PHYSICAL DESCRIPTION
Extent 634, 15 pages :
Other physical details diagrams ;
Dimensions 21 cm
336 ## - CONTENT TYPE
Source rdacontent
Content type term text
Content type code txt
337 ## - MEDIA TYPE
Media type term unmediated
Source rdamedia
Media type code n
338 ## - CARRIER TYPE
Carrier type term volume
Carrier type code nc
Source rdacarrier
500 ## - GENERAL NOTE
General note "An unabridged and unaltered republication of the report of the Committee on Hydrodynamics, Division of Physical Sciences (Bulletin 84 of the National Research Council)"
500 ## - GENERAL NOTE
General note Includes appendix.
504 ## - BIBLIOGRAPHY, ETC. NOTE
Bibliography, etc Includes bibliographical references and index.<br/>
650 #7 - SUBJECT ADDED ENTRY--TOPICAL TERM
Topical term or geographic name as entry element Hydrodynamics.
Source of heading or term BUEsh
655 ## - INDEX TERM--GENRE/FORM
Form subdivision Reading book
700 1# - ADDED ENTRY--PERSONAL NAME
Personal name Murnaghan, Francis D.,
Relator term author.
700 1# - ADDED ENTRY--PERSONAL NAME
Personal name Bateman, H.,
Relator term author.
942 ## - ADDED ENTRY ELEMENTS (KOHA)
Koha item type Book - Borrowing
Source of classification or shelving scheme Dewey Decimal Classification
Holdings
Withdrawn status Lost status Source of classification or shelving scheme Damaged status Not for loan Collection code Home library Current library Shelving location Date acquired Source of acquisition Total Checkouts Total Renewals Full call number Barcode Date last seen Date checked out Price effective from Koha item type
    Dewey Decimal Classification     Donation-Gift Central Library Central Library First floor 06/12/2012 Donation 2 2 532.5 DRY 000002568 15/07/2025 24/09/2016 12/12/2006 Book - Borrowing